Estatuto do idoso : (Record no. 1424)
[ view plain ]
| 000 -LÍDER | |
|---|---|
| Campo Fixo de Controle | 00830nam a2200241 a 4500 |
| 001 - NÚMERO DE CONTROLE | |
| Campo de Controle | 1424 |
| 003 - IDENTIFICAÇÃO DO NÚMERO DE CONTROLE | |
| Campo de Controle | BR-CuiBMT |
| 005 - DATA E HORA DA ÚLTIMA ATUALIZAÇÃO | |
| Campo de Controle | 20231207234205.0 |
| 008 - DADOS FIXOS | |
| Dados Fixos | 231130s2009 dtba 000 0 por d |
| 040 ## - AGÊNCIA CATALOGADORA | |
| Código da Agência Catalogadora | BR-CuiBMT |
| Agência que transcreveu o registro | BR-CuiBMT |
| 080 ## - Nº DA CLASSIFICAÇÃO DECIMAL UNIVERSAL | |
| Nº edição CDU | 2007 |
| Nº Class. CDU | 342.726 |
| Subd. Auxiliar Comum | -053.9 |
| 090 ## - NÚMERO DE CHAMADA | |
| Nº classificação | 342.726-053.9 |
| Cutter | B823e |
| 110 1# - ENTRADA PRINCIPAL -- ENTIDADE | |
| Nome da entidade ou lugar | Brasil |
| Unidade subordinada | Senado Federal |
| 240 10 - TÍTULO UNIFORME/ORIGINAL | |
| Título original | [Estatuto do idoso (2003)] |
| 245 00 - TÍTULO PRINCIPAL | |
| Título principal | Estatuto do idoso : |
| Subtítulo | e normas correlatas / |
| Indicação de responsabilidade | Senado Federal. |
| 260 ## - PUBLICAÇÃO, DISTRIBUIÇÃO, ETC. | |
| Local de publicação | Brasília : |
| Editora | Senado federal , |
| Data | 2009. |
| 300 ## - DESCRIÇÃO FÍSICA | |
| N. páginas ou volumes | 74 p. : |
| Dimensões | 23 cm |
| 500 ## - NOTAS GERAIS | |
| Notas gerais | Dispositivos constitucionais pertinentes : lei n. 10.741, de 1. de outubro de 2003 : normas correlatas : índice temático |
| 610 14 - ASSUNTO -- ENTIDADE | |
| Nome da Entidade ou lugar | Brasil. |
| Título da publicação | [Estatuto do idoso (2003)] |
| 650 ## - ASSUNTO TÓPICO | |
| Cabeçalho tópico ou nome geográfico | Estatuto do idoso |
| Subdivisão geográfica | Brasil |
| 650 ## - ASSUNTO TÓPICO | |
| Cabeçalho tópico ou nome geográfico | Idosos |
| Subdivisão de forma | Legislação |
| Subdivisão geográfica | Brasil |
| 942 #0 - ELEMENTOS DE ENTRADA ADICIONAIS (KOHA) | |
| Fonte de classificação ou esquema de arquivamento | Classificação Decimal Universal |
| Tipo de item do Koha | Livros |
| Estado: removido | Estado: perdido | Fonte de classificação ou esquema de arquivamento | Estado: danificado | Indisponível para empréstimo | Localização permanente | Localização atual | Data de aquisição | Total Checkouts | Número de Chamada completo | Código de barras | Date last seen | Número do exemplar | Preço efetivo a partir de | Tipo de item (Koha) |
|---|---|---|---|---|---|---|---|---|---|---|---|---|---|---|
| Classificação Decimal Universal | Biblioteca da Escola Superior de Contas do TCE/MT | Biblioteca da Escola Superior de Contas do TCE/MT | 07/12/2023 | 342.726-053.9 B823e | BIBTCEMT23120312 | 07/12/2023 | Ex. 1 | 07/12/2023 | Livros |